| 000 | 01300cam a2200361 a 4500 | ||
|---|---|---|---|
| 001 | 4836598 | ||
| 003 | NUST | ||
| 005 | 20220519155730.0 | ||
| 008 | 901226s1991 nyua b 001 0 eng | ||
| 010 | _a 90056412 | ||
| 020 |
_a0814450148 : _c$22.95 |
||
| 020 |
_z9780814415528 _qebook |
||
| 038 | _aArshad | ||
| 040 |
_aDLC _cDLC _dDLC |
||
| 050 | 0 | 0 |
_aHF5549.5.M5 _bT46 1991 |
| 082 | 0 | 0 |
_a658.3 _bTHO |
| 100 | 1 |
_aThomas, R. Roosevelt. _97563 |
|
| 245 | 1 | 0 |
_aBeyond race and gender : _bunleashing the power of your total work force by managing diversity / _cR. Roosevelt Thomas, Jr. |
| 260 |
_aNew York, NY : _bAMACOM, American Management Association, _c1991. |
||
| 300 |
_axviii, 189 p. : _bill. ; _c24 cm. |
||
| 504 | _aIncludes bibliographical references (p. 183) and index. | ||
| 563 | _aHBK | ||
| 650 | 0 |
_aMinorities _xEmployment. _97564 |
|
| 650 | 0 |
_aWomen _xEmployment. _97565 |
|
| 650 | 0 | _aPersonnel management. | |
| 650 | 0 |
_aCorporate culture. _94141 |
|
| 650 | 0 | _aOrganizational change. | |
| 650 | 0 |
_aDiversity in the workplace. _97566 |
|
| 740 | 0 | _aManaging diversity. | |
| 906 |
_a7 _bcbc _corignew _d1 _eocip _f19 _gy-gencatlg |
||
| 942 |
_2ddc _cBK |
||
| 999 |
_c589835 _d589835 |
||